Volt egyszer egy kiállítás
Elmentve itt :
| Szerző: | |
|---|---|
| Adatforrás: | Meister |
| Forrásdokumentuma: | Művelődés. - 9 sz., 1990, 15-17 p. |
| Nyelv: | magyar |
| Kulcsszavak: | várostörténet politikai intézmények kulturális intézmények templomok műemlékek Bukarest |
| LEADER | 00490nab a2200181 i 4500 | ||
|---|---|---|---|
| 001 | bibPRO00002736 | ||
| 008 | 060524s1990 xx hun | ||
| 040 | |a Sz1 | ||
| 041 | |a hun | ||
| 100 | 1 | |a MÁTHÉ József | |
| 245 | 1 | 0 | |a Volt egyszer egy kiállítás |c MÁTHÉ József |
| 695 | |a várostörténet | ||
| 695 | |a politikai intézmények | ||
| 695 | |a kulturális intézmények | ||
| 695 | |a templomok | ||
| 695 | |a műemlékek | ||
| 695 | |a Bukarest | ||
| 773 | 0 | |t Művelődés. - |g 9 sz., 1990, 15-17 p. | |